MDQL
is popping MORE tags! Check the
thread
!
Quizzes
Events
Quiz Creation
Community
Videos
Private Events
Remove Ads
Sign In
Join for FREE
Feedback
Dark Mode
Quiz Categories
Sports
Geography
Music
Movies
Television
Just For Fun
Miscellaneous
History
Literature
Language
Science
Gaming
Entertainment
Religion
Holiday
For Kids
Quiz Lab
Recent
Popular Today
Quiz Kudos Today
Editor Picks
Curator Picks
Quizzes by...
Day
Popularity
Type
Ratings
Length
Year
Community
Subscriptions
Recent Discussions
Orange Saloon
Badges
Playlists
Quests
Create
Leaderboards
Showdown
Live 5
Trivia Bingo
Activity
Puzzle Library
Sporcle Events
Private Events
Virtual Trivia
Globe League
Become a Host
Pub Owners
SporcleCon
Opinionation
Our Games
Videos
Blog
Mobile Apps
Partnerships
Remove Ads and Go Orange
Feedback
Television
TV Characters
TV Show
Sitcom
Network
Friends
Reality Shows
Cast
South Park
Star Trek
The Simpsons
Doctor Who
Television
TV Characters
TV Show
Sitcom
Network
Friends
Reality Shows
Cast
South Park
Star Trek
The Simpsons
Doctor Who
Random Quiz
Search Sporcle
×
Quiz Lab
Quiz Lab
Television
recreation
Type in answers that appear in a list
Type in answers that appear in a list
Classic
Best Score? Go Orange.
Parks and Recreation Quiz (season 2) Stats
Can you name the Parks and Recreation Quiz (season 2)?
By
talisegal
10m
32 Questions
2,284 Plays
2,284 Plays
2,284 Plays
Comments
Comments
Give Quiz Kudos
Give Quiz Kudos
-
- Ratings
hide this ad
Replay
Link that replays current quiz
Next Quiz
Link to next quiz in quiz playlist
You Got
0%
They Got
Avg Score
55%
Avg Friend Score
Upgrade to see
Score Distribution
Jump to the score distribution portion of the page
Score
0/32
Timer
10:00
0
Plays Today
Hint
Answer
% Correct
Name of Ron's two ex-
wives
Tammy
97.4%
Name of the one of the two coaches that coached the new basketball league
Ron
94%
Person who actually shot Ron on hunting trip
Tom
90.2%
Andy was living is this, now it's a park
Pit
81%
Tom's club
The Snakehole
80.4%
Ron and Leslie's favorite meal of the day
Breakfast
76.6%
Ron's ex-
wife works in this branch of government
Library
75%
Leslie finds this illegal substance in the community garden
Marijuana
73.9%
Tom's ex-
green card wife/
Ron's ex-
girlfriend
Wendy
72.4%
Ron dresses like this person, the morning after sex
Tiger Woods
70.9%
Guitarist for Mouse Rat
Andy
70.8%
Anne Perkin's third boyfriend on the show
Chris
67.7%
Donna did not invest in the Snakehole because of this guy
Jean-Ralphio
61.5%
Kid who causes problems on Halloween
Greg Pikitis
59.9%
Record for number of meetings in one day
94
58.9%
Tom's ex-
girlfriend that was a bartender
Lucy
58.2%
Hint
Answer
% Correct
First festival that Leslie tried to throw after the government shutdown
Harvest Festival
57.5%
Country of Pawnee's sister city
Venezuela
57.3%
Strip club that Tom liked then hated
The Glitter Factory
52.9%
The women of the year
Ron Swanson
52.6%
The gay bar in Pawnee
The Bulge
51.9%
CEO of Sweetums
Nick Newport Jr.
41.9%
Name of annoying possum on golf course
Fairway Frank
41.8%
One of the SNL comedians that have appeared on the show as guest
Will Forte
40.3%
Name of the untalented Ms. Pawnee
Trish
36.9%
Basketball player who appears on telethon
Detlef Schrempf
36.6%
Worker for Norton Construction
Mark
30.6%
Character in Parks and Rec who also appeared on the Office
Anne
27.4%
Name of head of Park Security
Carl
18.7%
Basketball symbol of Indiana (do not play for Pacers)
Larry Bird
14.6%
Leslie slogan for the telethon (in quotes)
'Let's Dia-Beat This!'
11.3%
Jerry has a timeshare in this location
Munsee
10.6%
Quiz Playlist
Details
Report
Send in Message
Add To Playlist
Classic:
Type in answers that appear in a list
Last Updated: Feb 16, 2017
Quiz Scoreboard
CHALLENGE
Sign Up to Join the Scoreboard
Show All
Scores
Hide
Comments
May contain spoilers
Recently Published
Colored Red Africa Blitz
by spor1
Geography
30s
Find the 'City' Movie
by crazypaving
Movies
60s
5x2 Blitz: Bands
by SL_Kpop136
Music
30s
More to Explore
Quiz From the Vault
Featured Blog Post
14 Easter Pick-up Lines to Find Eggs With
hide this ad
You Might Also Like...
Tags
park
Parks and Recreation
recreation
season
Today's Top Quizzes in Television
Browse Television
hide this ad
Top Contributed Quizzes in Television
1
Survivor Journey Challenge
2
Survivor Logic Puzzle: Heroes vs. Villains
3
One Tree Hill Logic Puzzle
4
Phoebe Buffay Quotes
5
Game of Thrones: Tywin Lannister Start to Finish
6
Brooklyn Nine Nine Logic Puzzle (How-To-Play)
7
A Series of Unfortunate Events: Netflix Character Chain
8
All US Survivor Seasons in Order
9
Survivor: Criteria Castaways
10
A Series of Unfortunate Events: S3 Character Chain
Explore More
Trending Topics
Disney
Kpop
Crossword
Marvel
Anime
Harry Potter
NBA
WWE
Country
The Office
Soccer
Pokémon
Puzzle
NFL
Song
hide this ad
More By:
talisegal
Quiz
Plays
Rating
Category
Featured
Created
Parks and Recreation Quiz (season 2)
2,284
1.79
Television
Feb 22, 2011
Office Fact Quiz
1,192
1.60
Television
Jan 23, 2010
Flag Carrier Airlines by country
312
3.00
Miscellaneous
Jan 3, 2012
Israeli Trivia
85
1.67
History
Dec 26, 2011
Go to Creator's Profile
Score Distribution
Quiz Creator Spotlight
talisegal
Follow
Send a Message
Quizzes Created
-
Created Quiz Play Count
-
More By This Creator
Popular Quizzes Today
1
5x2 Blitz: Bands
2
Find the 'City' Movie
3
Find the US States - No Outlines Minefield
4
Colored Red Africa Blitz
5
The Countries of the World
6
Find the US States
7
9x9 Crossword: Cartoon Network
8
Risky Map Clicking: Biggest States A-Z
More Television Quizzes
TV Show (A-Z) by Cast Photo II
Published
Trending Quizzes
Colored Red Africa Blitz II
Colored Red Europe Blitz I
Find the 'Dark' Movie
Find the 'Day' Movie
Find the 'Good' Movie
Recently Updated
Champions League XIs: Real Madrid
pecheneg
Largest US Cities 1790-2010
pecheneg
Rides in Walt Disney World
pecheneg
Most Oscar Losses (Acting)
pecheneg
Beyoncé Albums
pecheneg
Leaping Animals
pecheneg
Reality TV Shows (A-Z)
bhenderson79
Rickey Henderson's Hall of Fame Teammates
pecheneg
Champions League XIs: Arsenal
pecheneg
Quick Pick: Celebrities in WWE's Hall of Fame
aduchscher
Trending Topics
Kpop
Harry Potter
NBA
Disney
Marvel
Crossword
Anime
Puzzle
WWE
Soccer
Country
Song
The Office
Pokémon
NFL
Your Account Isn't Verified!
In order to create a playlist on Sporcle, you need to verify the email address you used during registration. Go to your
Sporcle Settings
to finish the process.
Report this User
Report this user for behavior that violates our
Community Guidelines
.
Details:
Send Report
Go to the Sporcle.com Mobile Site →
Comments